书目信息 |
| 题名: |
日本文化概况
|
|
| 作者: | 崔香兰 编著 | |
| 分册: | ||
| 出版信息: | 大连 大连理工大学出版社 2006 |
|
| 页数: | 143页 | |
| 开本: | 26cm | |
| 丛书名: | ||
| 单 册: | ||
| 中图分类: | H369.4:G131.32 | |
| 科图分类: | ||
| 主题词: | 日语--语言读物 , 文化--研究--日本 | |
| 电子资源: | ||
| ISBN: | 978-7-5611-3170-1 | |
| 000 | 00799n|m0 2200253 450- | |
| 001 | 0102657619 | |
| 005 | 20121116170000.0 | |
| 010 | @a978-7-5611-3170-1@dCNY19.00 | |
| 100 | @a20060618d2006 em y0chiy0120 ea | |
| 101 | 0 | @achi@ajpn |
| 102 | @aCN@b210000 | |
| 105 | @aa z 000yy | |
| 135 | @adrbn ---auuuu | |
| 200 | 1 | @a日本文化概况@9Ri Ben Wen Hua Gai Kuang @f崔香兰[等]编著@b电子资源.图书 |
| 210 | @a大连@c大连理工大学出版社@d2006 | |
| 215 | @a143页@c图@d26cm | |
| 325 | @a电子复制品 | |
| 330 | @a本书介绍了日本的地理、气候、历史、宗教、建筑、艺术、文学、经济、教育等。 | |
| 606 | 0 | @a日语@j语言读物 |
| 606 | 0 | @a文化@x研究@y日本 |
| 690 | @aH369.4:G131.32@v4 | |
| 701 | 0 | @a崔香兰@f(1960~)@9cui xiang lan@4编著 |
| 801 | 0 | @aCN@bAZmarc@c20230904 |
| 905 | @dH369@e50@f4@sH369/50@aBZT | |
| 日本文化概况/崔香兰[等]编著[电子资源.图书].-大连:大连理工大学出版社,2006 |
| 143页:图;26cm |
| ISBN 978-7-5611-3170-1:CNY19.00 |
| 本书介绍了日本的地理、气候、历史、宗教、建筑、艺术、文学、经济、教育等。 |
| ● |
| 相关链接 |
|
|
|
正题名:日本文化概况
索取号:H369/50
 
预约/预借
| 序号 | 登录号 | 条形码 | 馆藏地/架位号 | 状态 | 备注 |
| 1 | 2000012098 | 2000012098 | 旧书回溯/ [索取号:H369/50] | 在馆 | |
| 2 | 2000012099 | 2000012099 | 旧书回溯/ [索取号:H369/50] | 在馆 | |
| 3 | 2000012100 | 2000012100 | 旧书回溯/ [索取号:H369/50] | 在馆 | |
| 4 | 2000012101 | 2000012101 | 旧书回溯/ [索取号:H369/50] | 在馆 |